Quizzes
Events
Quiz Creation
Community
Videos
Private Events
Remove Ads
Sign In
Join for FREE
Feedback
Dark Mode
Quiz Categories
Sports
Geography
Music
Movies
Television
Just For Fun
Miscellaneous
History
Literature
Language
Science
Gaming
Entertainment
Religion
Holiday
For Kids
Quiz Lab
Recent
Popular Today
Quiz Kudos Today
Editor Picks
Curator Picks
Quizzes by...
Day
Popularity
Type
Ratings
Length
Year
Community
Subscriptions
Recent Discussions
Orange Saloon
Badges
Playlists
Quests
Create
Leaderboards
Showdown
Live 5
Trivia Bingo
Activity
Puzzle Library
Sporcle Events
Private Events
Virtual Trivia
Globe League
Become a Host
Pub Owners
SporcleCon
Opinionation
Our Games
Videos
Blog
Mobile Apps
Partnerships
Remove Ads and Go Orange
Feedback
Literature
Harry Potter
A Song of Ice and Fire
The Hunger Games
Literary Character
Shakespeare
Book
Author
Novel
Poem
Young Adult
Children's Books
Play
Lord of the Rings
Literature
Harry Potter
A Song of Ice and Fire
The Hunger Games
Literary Character
Shakespeare
Book
Author
Novel
Poem
Young Adult
Children's Books
Play
Lord of the Rings
Random Quiz
Search Sporcle
×
Quiz Lab
Quiz Lab
Literature
Harry Potter
Type in answers that appear in a list
Type in answers that appear in a list
Classic
Best Score? Go Orange.
Harry Potter Ultimate Test Stats
Can you name the Harry Potter Terms/People?
By
cevans
5m
70 Questions
412 Plays
412 Plays
412 Plays
Comments
Comments
Give Quiz Kudos
Give Quiz Kudos
-
- Ratings
hide this ad
No Skip
Answers have to be entered in order without skipping
Answers have to be entered in order without skipping
Replay
Link that replays current quiz
Next Quiz
Link to next quiz in quiz playlist
You Got
0%
They Got
Avg Score
33%
Avg Friend Score
Upgrade to see
Score Distribution
Jump to the score distribution portion of the page
Score
0/70
Timer
05:00
0
Plays Today
% Correct
???
100%
???
99.3%
???
97.3%
???
88.3%
???
88.1%
???
87.9%
???
81.3%
???
80.8%
???
80.8%
???
80.6%
???
79.9%
???
73.5%
???
70.6%
???
67.5%
???
67.5%
???
66.7%
???
66.7%
???
66.5%
???
64.3%
???
60.9%
???
59.2%
???
51.9%
???
42.7%
???
42.5%
???
42.2%
???
41.7%
???
41.7%
???
14.1%
???
14.1%
???
14.1%
???
12.9%
???
12.6%
???
12.6%
???
12.6%
???
12.6%
% Correct
???
12.6%
???
12.1%
???
12.1%
???
12.1%
???
12.1%
???
12.1%
???
12.1%
???
12.1%
???
12.1%
???
12.1%
???
11.9%
???
11.7%
???
11.4%
???
11.2%
???
11.2%
???
11.2%
???
10.9%
???
10.4%
???
10.4%
???
10.2%
???
10.2%
???
10.2%
???
10%
???
9.7%
???
9.7%
???
9.5%
???
7.8%
???
7%
???
6.6%
???
6.6%
???
6.3%
???
5.8%
???
5.6%
???
5.1%
???
4.9%
Quiz Playlist
Details
Report
Send in Message
Add To Playlist
Classic:
Type in answers that appear in a list
No Skip:
Answers have to be entered in order without skipping
Last Updated: Feb 16, 2017
Quiz Scoreboard
CHALLENGE
Sign Up to Join the Scoreboard
Show All
Scores
Hide
Comments
May contain spoilers
Recently Published
9x9 Crossword: Cartoon Network
by jackfrog10
Miscellaneous
3m
College Basketball Coaching Resumes
by pancakes188
Sports
9m
Billboard Blitz: Fleetwood Mac
by CooCooCachoo
Music
15s
More to Explore
Quiz From the Vault
Featured Blog Post
Where Did the Easter Bunny Come From?
hide this ad
You Might Also Like...
Tags
Harry Potter Quiz
Term
test
ultimate
Today's Top Quizzes in Literature
Browse Literature
hide this ad
Today's Top Quizzes in Harry Potter
Browse Harry Potter
Top Contributed Quizzes in Literature
1
Sneaky Slytherin Logic Puzzle
2
Get The Picture: Black or White Literature
3
5-to-1: Plays
4
A Court of Thorns and Roses (ACoTaR) Logic Puzzle
5
One Thing in Common: Literature
6
One Thing in Common: Literature II
7
One Thing in Common: Literature 3
8
One Thing in Common: Books
9
Literary Siblings Odd One Out III
10
Harry Potter Neighbourly Logic Puzzle #1
Explore More
Trending Topics
Crossword
Harry Potter
NBA
Anime
Kpop
Marvel
Disney
Song
Soccer
WWE
Puzzle
NFL
Pokémon
The Office
Country
hide this ad
More By:
cevans
Quiz
Plays
Rating
Category
Featured
Created
Harry Potter Ultimate Test
412
1.50
Literature
Feb 11, 2012
Go to Creator's Profile
Score Distribution
Quiz Creator Spotlight
cevans
Follow
Send a Message
Quizzes Created
-
Created Quiz Play Count
-
More By This Creator
Popular Quizzes Today
1
Find the US States - No Outlines Minefield
2
Find the Countries of Europe - No Outlines Minefield
3
The Countries of the World
4
Find the US States
5
Risky Map Clicking: Biggest States A-Z
6
US States
7
Popular People in 1961
8
Movies - When Are They Set?
More Literature Quizzes
Oceanian Authors
Quiz Lab
Trending Quizzes
Risky Map Clicking: Least Populous States A-Z
1-10 Letter G Words
1-10 Letter F Words
Risky Map Clicking: Next State Alphabetically
Adjectives in 80s TV Shows
Recently Updated
Leaping Animals
pecheneg
Reality TV Shows (A-Z)
bhenderson79
Rickey Henderson's Hall of Fame Teammates
pecheneg
Champions League XIs: Arsenal
pecheneg
Quick Pick: Celebrities in WWE's Hall of Fame
aduchscher
A-Z Keypad Blitz II
pecheneg
Multiple Oscar Actors
pecheneg
Mystery Phrase Blitz: Oscar 'Best Actors'
pecheneg
F. Scott Fitzgerald Novels
LTH
Pick 3 Villains
ddd62291
Trending Topics
Marvel
Anime
Crossword
NBA
Disney
Harry Potter
Kpop
Puzzle
NFL
Pokémon
The Office
Soccer
WWE
Country
Song
Your Account Isn't Verified!
In order to create a playlist on Sporcle, you need to verify the email address you used during registration. Go to your
Sporcle Settings
to finish the process.
Report this User
Report this user for behavior that violates our
Community Guidelines
.
Details:
Send Report
Go to the Sporcle.com Mobile Site →
Comments